Central Library OPAC University of Rajshahi

The Chartered Institute of Secret Aries, (Record no. 85487)

MARC details
000 -LEADER
fixed length control field 00678nam a22002297a 4500
001 - CONTROL NUMBER
control field 85487
003 - CONTROL NUMBER IDENTIFIER
rucl marc code BD-RjUL
005 - DATE AND TIME OF LATEST TRANSACTION
control field 20250810100632.0
008 - FIXED-LENGTH DATA ELEMENTS--GENERAL INFORMATION
fixed length control field 250810s1954 us a|||| |||| 00| 0 eng d
035 ## - SYSTEM CONTROL NUMBER
System control number (BD-RjUL)85487
040 ## - CATALOGING SOURCE
Original cataloging agency BD-RjUL
Language of cataloging eng
Transcribing agency BD-RjUL
Modifying agency DLC
Description conventions DLC
041 ## - LANGUAGE CODE
Language code of text/sound track or separate title eng
082 ## - DEWEY DECIMAL CLASSIFICATION NUMBER
Edition number 23
Classification number 920.42
Author mark and year WHO 1954
245 ## - TITLE STATEMENT
Title The Chartered Institute of Secret Aries,
Statement of responsibility, etc. Who s, Who
246 ## - VARYING FORM OF TITLE
Title proper/short title 14 New Bridge Street, London, E. C. A.
Remainder of title Adam and Charles Black
260 ## - PUBLICATION, DISTRIBUTION, ETC. (IMPRINT)
Place of publication, distribution, etc. London
Name of publisher, distributor, etc. London W. I.
Date of publication, distribution, etc. 1954
300 ## - PHYSICAL DESCRIPTION
Pagination 3264 page,
Illustrations ill,;
Size 8 cm.
505 ## - FORMATTED CONTENTS NOTE
Formatted contents note Vol-1,
650 ## - SUBJECT ADDED ENTRY--TOPICAL TERM
Topical term or geographic name as entry element Institute of Secret
Form subdivision Chartered
9 (RLIN) 16533
700 ## - ADDED ENTRY--PERSONAL NAME
Personal name Who s, Who
942 ## - ADDED ENTRY ELEMENTS (KOHA)
Source of classification or shelving scheme Dewey Decimal Classification
Koha item type Books
Holdings
Lost status Source of classification or shelving scheme Damaged status Not for loan Permanent Location Current Location Shelving location Date acquired Total Checkouts Full call number Date last seen Copy number Koha item type
  Dewey Decimal Classification   Not For Loan Central Library, University of Rajshahi Central Library, University of Rajshahi Reference 13/06/1955   R 920.42 WHO 1954 10/08/2025 C-1 Books
  Dewey Decimal Classification   Not For Loan Central Library, University of Rajshahi Central Library, University of Rajshahi Reference 05/07/1954   R 920.42 WHO 1954 10/08/2025 C-1 Books
  Dewey Decimal Classification   Not For Loan Central Library, University of Rajshahi Central Library, University of Rajshahi Reference 13/06/1955   R 920.42 WHO 1954 10/08/2025 C-2 Books
  Dewey Decimal Classification   Not For Loan Central Library, University of Rajshahi Central Library, University of Rajshahi Reference 13/06/1955   R 920.42 WHO 1954 10/08/2025 C-3 Books
  Dewey Decimal Classification   Not For Loan Central Library, University of Rajshahi Central Library, University of Rajshahi Reference 13/06/1955   R 920.42 WHO 1954 10/08/2025 C-1 Books
  Dewey Decimal Classification   Not For Loan Central Library, University of Rajshahi Central Library, University of Rajshahi Reference 13/06/1955   R 920.42 WHO 1954 10/08/2025 C-1 Books